000 00766nam a2200229 i 4500
001 65547
003 ES-MaACL
005 20230906165415.0
007 t|
008 040115s1973 sp ||||1| spa d
100 0 _aFriedman, Milton (
_d1912-2006)
_952636
245 1 4 _aUna teoría de la función de consumo /
_cMilton Friedman ; versión de Lorenzo Betancor Curbelo ; revisada por José Vergara.
260 _a[Madrid] :
_bAlianza,
_c[1973]
300 _a297 p. ;
_c20 cm.
490 1 _aAlianza universidad ;
_v36
700 1 _aBetancor Curbelo, Lorenzo.
_928633
700 1 _aVergara, José.
_9114083
830 0 _aAlianza universidad ;
_v36
_9177276
852 _aES-MaACL
_jC-52957
_bR.86167
852 _aES-MaACL
_jE-7412
_bR.91636
999 _c65547
_d65547